| 000 | 01275nam a2200337 a 4500 | ||
|---|---|---|---|
| 005 | 20200104041545.0 | ||
| 008 | 140312b2002 enk||||| |||| 00| 0 spa d | ||
| 040 |
_aCO-BoIAVH _cCO-BoIAVH |
||
| 041 | 0 | _aspa | |
| 044 | _aenk | ||
| 082 | 0 | 4 |
_a307.1 _bA18c |
| 110 | 2 | _bActionAid | |
| 245 | 1 | 0 |
_aCancún : _b¿qué se espera de la agenda de desarrollo? |
| 260 |
_aLondon : _bActionAid : _bAzione Aiuto, _c2002? |
||
| 300 |
_a8 Folletos ; _c30 x 21 cm. |
||
| 505 | 0 | _aVol. 1: Temas fundamentales para la 5a Conferencia Ministerial de la OMC | |
| 505 | 0 | _aVol. 2: Acuerdo sobre inversiones de la OMC | |
| 505 | 0 | _aVol. 3: Acuerdo general sobre el comercio de servicios | |
| 505 | 0 | _aVol. 4: Decisión de Marrakech | |
| 505 | 0 | _aVol. 5: Acuerdo sobre la agricultura de la OMC | |
| 505 | 0 | _aVol. 6: Políticas de competencia y la OMC | |
| 505 | 0 | _aVol. 7: Aspectos de los derechos de propiedad intelectual relacionados con el comercio | |
| 505 | 0 | _aVol. 8: Reforma de la OMC | |
| 610 | 2 | _aOrganización Mundial del Comercio | |
| 650 | 6 | _aDerecho a la alimentación | |
| 650 | 6 | _aAgricultura | |
| 650 | 6 | _aPolítica alimentario | |
| 650 | 6 | _aPropiedad intelectual | |
| 710 | 2 | _aAzione Aiuto | |
| 942 |
_cLIBRO _2ddc |
||
| 999 |
_c3965 _d3965 |
||